[Event "Bundesliga 1718"]
[Site "Germany"]
[Date "2017.11.11"]
[Round "3.7"]
[White "Carlstedt, Jonathan"]
[Black "Fish, Gennadij"]
[Result "1-0"]
[WhiteElo "2413"]
[BlackElo "2457"]
[PlyCount "79"]
[EventDate "2017.10.21"]
[EventType "team-tourn"]
[EventRounds "15"]
[EventCountry "GER"]
[SourceTitle "CBM 182"]
[Source "ChessBase"]
[SourceDate "2018.01.17"]
[SourceVersion "1"]
[SourceVersionDate "2018.01.17"]
[SourceQuality "1"]
[WhiteTeam "Hamburger SK"]
[BlackTeam "Werder Bremen"]
[WhiteTeamCountry "GER"]
[BlackTeamCountry "GER"]

1. d4 Nf6 2. c4 e6 3. Nf3 Bb4+ 4. Bd2 c5 5. g3 b6 6. Bg2 Bb7 7. 0-0 0-0 8. Nc3 cxd4 9. Nb5 Be7 10. Nbxd4 d5 11. Ne5 Bc5 12. Nb5 Ne4 13. Bf4 Nc6 14. cxd5 exd5 15. Nd3 Be7 16. Qa4 Bf6 17. Nc7 Nd4 18. Nxa8 Nxe2+ 19. Kh1 Nxf4 20. Nxf4 Qxa8 21. Rad1 g6 22. Kg1 d4 23. Qb3 Rd8 24. h4 Be5 25. Nd3 Bg7 26. Rfe1 Bd5 27. Qc2 f5 28. Nf4 Rc8 29. Qd3 Bxa2 30. h5 g5 31. Rxe4 fxe4 32. Bxe4 Qb8 33. Bxh7+ Kh8 34. h6 Bf6 35. Qf5 Qd6 36. Ng6+ Kxh7 37. Ne5+ Kh8 38. Qxc8+ Kh7 39. Qf5+ Kh8 40. Re1 1-0

[Event "BL2-Nord 1718"]
[Site "Germany"]
[Date "2017.10.08"]
[Round "1.1"]
[White "Fish, Gennadij"]
[Black "Dziuba, Marcin"]
[Result "1/2-1/2"]
[WhiteElo "2457"]
[BlackElo "2573"]
[PlyCount "112"]
[EventDate "2017.10.08"]
[EventType "team-tourn"]
[EventRounds "9"]
[EventCountry "GER"]
[SourceTitle "CBM 183 Extra"]
[Source "ChessBase"]
[SourceDate "2018.04.19"]
[SourceVersion "1"]
[SourceVersionDate "2018.04.19"]
[SourceQuality "1"]
[WhiteTeam "Werder Bremen II"]
[BlackTeam "Kiel Turm"]
[WhiteTeamCountry "GER"]
[BlackTeamCountry "GER"]

1. d4 d5 2. c4 e6 3. Nc3 c6 4. e3 Nf6 5. Nf3 Nbd7 6. Be2 dxc4 7. a4 Bb4 8. Bxc4 0-0 9. 0-0 Qe7 10. Qb3 a5 11. h3 e5 12. Bd2 e4 13. Nh2 Nb6 14. Be2 Be6 15. Qc2 Bf5 16. Rfd1 Rfe8 17. Nf1 Bd6 18. Ng3 Bg6 19. Qb3 Bc7 20. Nf1 h5 21. Be1 h4 22. f4 exf3 23. Bxf3 Ne4 24. Nxe4 Bxe4 25. Bxe4 Qxe4 26. Bf2 Nd5 27. Nd2 Qe7 28. e4 Nf4 29. Qf3 Ng6 30. Re1 Rad8 31. Qg4 Qe6 32. Qxe6 Rxe6 33. Nf3 f6 34. Rac1 Bb6 35. Rc4 Rde8 36. e5 fxe5 37. dxe5 Bxf2+ 38. Kxf2 Nxe5 39. Rxe5 Rxe5 40. Nxe5 Rxe5 41. Rxh4 b5 42. Kf3 Kf7 43. Rd4 Rc5 44. b4 Rc3+ 45. Ke4 c5 46. bxc5 Rxc5 47. axb5 Rxb5 48. Rd6 a4 49. Ra6 Rb4+ 50. Kf5 g6+ 51. Ke5 Kg7 52. g3 Rc4 53. Kd5 Rc3 54. Rxa4 Rxg3 55. h4 Kf6 56. Rf4+ Kg7 1/2-1/2

[Event "EU-Cup 31st"]
[Site "Skopje"]
[Date "2015.10.19"]
[Round "2.2"]
[White "Caruana, Fabiano"]
[Black "Fish, Gennadij"]
[Result "1-0"]
[WhiteElo "2796"]
[BlackElo "2460"]
[PlyCount "63"]
[EventDate "2015.10.18"]
[EventType "team-swiss"]
[EventRounds "7"]
[EventCountry "MKD"]
[SourceTitle "CBM 169"]
[Source "ChessBase"]
[SourceDate "2015.11.10"]
[SourceVersion "1"]
[SourceVersionDate "2015.11.10"]
[SourceQuality "1"]
[WhiteTeam "Socar"]
[BlackTeam "Werder Bremen"]
[WhiteTeamCountry "AZE"]
[BlackTeamCountry "GER"]

1. e4 e5 2. Nf3 Nc6 3. Bb5 Nd4 4. Nxd4 exd4 5. Bc4 Nf6 6. 0-0 Nxe4 7. Bxf7+ Kxf7 8. Qh5+ g6 9. Qd5+ Kg7 10. Qxe4 Qf6 11. d3 c6 12. Bf4 d6 13. Nd2 Bf5 14. Qf3 Be7 15. Rae1 Rhe8 16. Ne4 Bxe4 17. Rxe4 Qf7 18. Rfe1 Bf6 19. Bxd6 Qxa2 20. Be7 Rxe7 21. Rxe7+ Bxe7 22. Rxe7+ Kg8 23. h4 Rf8 24. Qg4 Qd5 25. Rxb7 Qe5 26. Qe4 Qxe4 27. dxe4 Re8 28. f3 Re5 29. b4 a5 30. Rb6 axb4 31. Rxc6 Rb5 32. Rd6 1-0

[Event "Bundesliga 1314"]
[Site "Germany"]
[Date "2014.03.16"]
[Round "12.8"]
[White "Fish, Gennadij"]
[Black "Gustafsson, Jan"]
[Result "1/2-1/2"]
[WhiteElo "2464"]
[BlackElo "2628"]
[PlyCount "58"]
[EventDate "2013.10.12"]
[EventType "team-tourn"]
[EventRounds "15"]
[EventCountry "GER"]
[SourceTitle "CBM 160"]
[Source "ChessBase"]
[SourceDate "2014.05.15"]
[SourceVersion "1"]
[SourceVersionDate "2014.05.15"]
[SourceQuality "1"]
[WhiteTeam "Werder Bremen"]
[BlackTeam "Baden-Baden"]
[WhiteTeamCountry "GER"]
[BlackTeamCountry "GER"]

1. d4 Nf6 2. c4 g6 3. Nc3 d5 4. e3 Bg7 5. Nf3 0-0 6. Bd2 c6 7. Bd3 Bg4 8. h3 Bxf3 9. Qxf3 dxc4 10. Bxc4 Nbd7 11. 0-0 e5 12. Rad1 exd4 13. exd4 Nb6 14. Bb3 a5 15. a3 a4 16. Ba2 Nbd5 17. Bg5 Qb6 18. Bxf6 Nxf6 19. Rd2 Qa5 20. Rfd1 Rad8 21. d5 cxd5 22. Nxd5 Nxd5 23. Rxd5 Rxd5 24. Bxd5 Bxb2 25. Bxb7 Rd8 26. Rxd8+ Qxd8 27. Bc6 Qf6 28. Qxf6 Bxf6 29. Bxa4 Be7 1/2-1/2

[Event "Bundesliga 1314"]
[Site "Germany"]
[Date "2014.02.23"]
[Round "10.8"]
[White "Richter, Christian"]
[Black "Fish, Gennadij"]
[Result "1/2-1/2"]
[WhiteElo "2368"]
[BlackElo "2464"]
[PlyCount "48"]
[EventDate "2013.10.12"]
[EventType "team-tourn"]
[EventRounds "15"]
[EventCountry "GER"]
[SourceTitle "CBM 159"]
[Source "ChessBase"]
[SourceDate "2014.03.17"]
[SourceVersion "1"]
[SourceVersionDate "2014.03.17"]
[SourceQuality "1"]
[WhiteTeam "Emsdetten"]
[BlackTeam "Werder Bremen"]
[WhiteTeamCountry "GER"]
[BlackTeamCountry "GER"]

1. d4 Nf6 2. Nf3 e6 3. c4 Bb4+ 4. Bd2 c5 5. g3 b6 6. Bg2 Bb7 7. 0-0 0-0 8. dxc5 Bxc5 9. Nc3 d5 10. Ne1 Bc6 11. cxd5 Nxd5 12. Nd3 Nxc3 13. Bxc3 Bxg2 14. Kxg2 Bd4 15. Bb4 Re8 16. Qb3 Qd7 17. Rac1 Qb7+ 18. Kg1 Nc6 19. Rc4 b5 20. Rcc1 a5 21. Bc5 a4 22. Qc2 Rac8 23. Qd2 Red8 24. Qf4 Bf6 1/2-1/2

[Event "Bundesliga 1314"]
[Site "Germany"]
[Date "2013.11.23"]
[Round "3.6"]
[White "Fish, Gennadij"]
[Black "Muse, Drazen"]
[Result "0-1"]
[WhiteElo "2464"]
[BlackElo "2408"]
[PlyCount "78"]
[EventDate "2013.10.12"]
[EventType "team-tourn"]
[EventRounds "15"]
[EventCountry "GER"]
[SourceTitle "CBM 158"]
[Source "ChessBase"]
[SourceDate "2014.01.16"]
[SourceVersion "1"]
[SourceVersionDate "2014.01.16"]
[SourceQuality "1"]
[WhiteTeam "Werder Bremen"]
[BlackTeam "Koenig Tegel"]
[WhiteTeamCountry "GER"]
[BlackTeamCountry "GER"]

1. d4 Nf6 2. c4 c5 3. d5 e5 4. Nc3 d6 5. e4 Be7 6. Be2 0-0 7. Nf3 Bg4 8. 0-0 Ne8 9. Ne1 Bxe2 10. Qxe2 Bg5 11. Nd3 Nd7 12. g3 a6 13. a4 Bxc1 14. Raxc1 Nc7 15. a5 g6 16. f4 Ne8 17. Ra1 exf4 18. gxf4 Ng7 19. e5 Re8 20. Qf2 Nf5 21. Rfe1 Rc8 22. Kh1 Qc7 23. Ne4 Kg7 24. Ng3 Nh6 25. Qe2 Qd8 26. Qf3 Qh4 27. e6 Nf6 28. Kg2 fxe6 29. dxe6 Re7 30. Ra3 Kf8 31. Rb3 Rcc7 32. Rb6 Nf5 33. Nxf5 gxf5 34. Rxd6 Rg7+ 35. Kh1 Ne4 36. Rxe4 fxe4 37. Qxe4 Qg4 38. Rd8+ Ke7 39. Rd7+ Ke8 0-1

[Event "Werder Bremen"]
[Site "Bremen"]
[Date "2013.09.25"]
[Round "5"]
[White "Fish, Gennadij"]
[Black "Nyback, Tomi"]
[Result "1/2-1/2"]
[WhiteElo "2464"]
[BlackElo "2599"]
[PlyCount "96"]
[EventDate "2013.09.21"]
[EventType "tourn"]
[EventRounds "9"]
[EventCountry "GER"]
[EventCategory "9"]
[SourceTitle "CBM 156 Extra"]
[Source "ChessBase"]
[SourceDate "2013.10.22"]
[SourceVersion "1"]
[SourceVersionDate "2013.10.22"]
[SourceQuality "1"]

1. d4 Nf6 2. c4 g6 3. Nc3 d5 4. e3 Bg7 5. cxd5 Nxd5 6. Nxd5 Qxd5 7. Ne2 0-0 8. Nc3 Qd8 9. Be2 c5 10. d5 e6 11. e4 exd5 12. exd5 b6 13. 0-0 Bb7 14. Bf3 Nd7 15. d6 Bxf3 16. Qxf3 Qf6 17. Qd5 Qe6 18. Qxe6 fxe6 19. Nb5 Kf7 20. Re1 Be5 21. Bh6 Rg8 22. Nc7 Rac8 23. f4 Bxd6 24. Nxe6 Rge8 25. Ng5+ Kg8 26. Rxe8+ Rxe8 27. Rd1 Bf8 28. Rxd7 Bxh6 29. Rxa7 Bxg5 30. fxg5 Re2 31. b3 b5 32. Rc7 c4 33. bxc4 bxc4 34. Rxc4 Rxa2 35. h4 Ra7 36. Kh2 Kg7 37. Kg3 h6 38. Kg4 hxg5 39. Kxg5 Ra5+ 40. Kf4 Rf5+ 41. Ke3 Kh6 42. g4 Ra5 43. Kf4 g5+ 44. hxg5+ Rxg5 45. Rc6+ Rg6 46. g5+ Kg7 47. Rf6 Rxf6+ 48. gxf6+ Kxf6 1/2-1/2

[Event "Werder Bremen"]
[Site "Bremen"]
[Date "2013.09.24"]
[Round "4"]
[White "Meins, Gerlef"]
[Black "Fish, Gennadij"]
[Result "1/2-1/2"]
[WhiteElo "2448"]
[BlackElo "2464"]
[PlyCount "101"]
[EventDate "2013.09.21"]
[EventType "tourn"]
[EventRounds "9"]
[EventCountry "GER"]
[EventCategory "9"]
[SourceTitle "CBM 156 Extra"]
[Source "ChessBase"]
[SourceDate "2013.10.22"]
[SourceVersion "1"]
[SourceVersionDate "2013.10.22"]
[SourceQuality "1"]

1. d4 Nf6 2. c4 e6 3. Nf3 Bb4+ 4. Bd2 c5 5. Bxb4 cxb4 6. e3 0-0 7. Bd3 d6 8. 0-0 Nc6 9. Nbd2 a5 10. Qc2 b6 11. Ne4 h6 12. a3 Bb7 13. Nxf6+ Qxf6 14. d5 exd5 15. cxd5 Ne5 16. Nxe5 Qxe5 17. axb4 Qxd5 18. e4 Qd4 19. bxa5 Rxa5 20. Rxa5 bxa5 21. Ra1 Rc8 22. Qe2 Rc5 23. h3 Re5 24. Qe3 Qxe3 25. fxe3 Bxe4 26. Bxe4 Rxe4 27. Rxa5 Rxe3 28. Ra8+ Kh7 29. Rd8 Rb3 30. Rxd6 Rxb2 31. Kh2 h5 32. h4 f6 33. Rd5 Kg6 34. Kg3 Re2 35. Kf3 Re5 36. Rd7 Kh6 37. Rd6 Rf5+ 38. Kg3 g5 39. hxg5+ Rxg5+ 40. Kf4 Kg6 41. g3 Rf5+ 42. Ke3 Kg5 43. Rd4 Re5+ 44. Kf3 Re8 45. Ra4 Rh8 46. Rb4 f5 47. Ra4 h4 48. gxh4+ Rxh4 49. Rxh4 Kxh4 50. Kf4 Kh3 51. Kxf5 1/2-1/2

[Event "Bundesliga 1213"]
[Site "Germany"]
[Date "2012.11.11"]
[Round "4.7"]
[White "Fish, Gennadij"]
[Black "Gordon, Stephen J"]
[Result "1/2-1/2"]
[WhiteElo "2475"]
[BlackElo "2556"]
[PlyCount "121"]
[EventDate "2012.10.20"]
[EventType "team-tourn"]
[EventRounds "15"]
[EventCountry "GER"]
[SourceTitle "CBM 151"]
[Source "ChessBase"]
[SourceDate "2012.11.13"]
[SourceVersion "1"]
[SourceVersionDate "2012.11.13"]
[SourceQuality "1"]
[WhiteTeam "Werder Bremen"]
[BlackTeam "Trier"]
[WhiteTeamCountry "GER"]
[BlackTeamCountry "GER"]

1. d4 Nf6 2. c4 e6 3. Nc3 Bb4 4. e3 0-0 5. Bd3 d5 6. Nge2 c5 7. a3 cxd4 8. exd4 Bxc3+ 9. bxc3 dxc4 10. Bxc4 Nbd7 11. Ba2 b5 12. a4 a6 13. 0-0 Bb7 14. Ba3 Re8 15. c4 bxc4 16. Bxc4 Nb6 17. Bd3 Be4 18. a5 Nbd5 19. Bc5 Qc7 20. Bc4 Nd7 21. Ng3 Nxc5 22. dxc5 Bg6 23. Bxd5 Rad8 24. Qa4 exd5 25. Qd4 Re6 26. f4 Be4 27. f5 Rc6 28. Rac1 Rc8 29. Nxe4 dxe4 30. Qxe4 Rxc5 31. Rce1 h6 32. f6 Rxa5 33. fxg7 Kxg7 34. Qd4+ Kg8 35. Qf6 Rh5 36. h4 Rf8 37. Rf4 Qc5+ 38. Kh2 Qg5 39. Qd4 Rd8 40. Qc4 Qd5 41. Rg4+ Kf8 42. Qc3 Qd6+ 43. Kh1 f6 44. Rf1 Kf7 45. Rgf4 Kg7 46. Qf3 Qe5 47. Re4 Qg5 48. g3 Kh8 49. Kh2 Qg6 50. Qxf6+ Qxf6 51. Rxf6 Ra8 52. Kh3 Kg7 53. Ree6 a5 54. Kg4 Rb5 55. Rxh6 a4 56. Rhg6+ Kh7 57. h5 Rba5 58. Rh6+ Kg7 59. Rhg6+ Kh7 60. Rh6+ Kg7 61. Rhg6+ 1/2-1/2

[Event "BL2-Nord 1112"]
[Site "Germany"]
[Date "2012.02.05"]
[Round "6.2"]
[White "Feuerstack, Aljoscha"]
[Black "Fish, Gennadij"]
[Result "1/2-1/2"]
[WhiteElo "2424"]
[BlackElo "2492"]
[PlyCount "39"]
[EventDate "2011.10.02"]
[EventType "team-tourn"]
[EventRounds "9"]
[EventCountry "GER"]
[SourceTitle "EXT 2015"]
[Source "ChessBase"]
[SourceDate "2014.11.20"]
[SourceVersion "1"]
[SourceVersionDate "2014.11.20"]
[SourceQuality "1"]
[WhiteTeam "Norderstedt"]
[BlackTeam "Werder Bremen II"]
[WhiteTeamCountry "GER"]
[BlackTeamCountry "GER"]

1. e4 e6 2. d4 d5 3. Nd2 a6 4. Ngf3 Nf6 5. e5 Nfd7 6. Bd3 c5 7. c3 Nc6 8. 0-0 g5 9. Nb3 h6 10. Nxc5 Nxc5 11. dxc5 Bxc5 12. Qe2 Qc7 13. Re1 Bd7 14. Be3 Qb6 15. Bxc5 Qxc5 16. Rac1 Ne7 17. Nd4 Nc6 18. Nf3 Ne7 19. Nd4 Nc6 20. Nf3 1/2-1/2

[Event "BL2-Nord 1112"]
[Site "Germany"]
[Date "2011.11.20"]
[Round "3.2"]
[White "Schoewel, Matthias"]
[Black "Fish, Gennadij"]
[Result "1/2-1/2"]
[WhiteElo "2220"]
[BlackElo "2492"]
[PlyCount "181"]
[EventDate "2011.10.02"]
[EventType "team-tourn"]
[EventRounds "9"]
[EventCountry "GER"]
[SourceTitle "EXT 2015"]
[Source "ChessBase"]
[SourceDate "2014.11.20"]
[SourceVersion "1"]
[SourceVersionDate "2014.11.20"]
[SourceQuality "1"]
[WhiteTeam "Oberschoeneweide"]
[BlackTeam "Werder Bremen II"]
[WhiteTeamCountry "GER"]
[BlackTeamCountry "GER"]

1. e4 c5 2. Nf3 e6 3. Nc3 a6 4. a4 Nc6 5. Be2 Nf6 6. 0-0 Qc7 7. d3 Be7 8. Bg5 0-0 9. Qd2 d6 10. h3 Rb8 11. Nh2 b5 12. axb5 axb5 13. Bd1 b4 14. Ne2 c4 15. Ng3 d5 16. Ng4 Nxg4 17. Bxe7 Nxe7 18. Bxg4 Rd8 19. exd5 Nxd5 20. dxc4 Qxc4 21. Rfd1 Bb7 22. Bf3 Rdc8 23. Rac1 h6 24. Ne2 Nf6 25. Bxb7 Rxb7 26. b3 Qe4 27. Ng3 Qe5 28. Re1 Qd5 29. Qf4 Rd8 30. Ne4 Nxe4 31. Rxe4 Qd2 32. Qxd2 Rxd2 33. Rc4 Rb5 34. f4 g5 35. Rf1 Kg7 36. Rf2 Rbd5 37. Rxb4 Rxf2 38. Kxf2 Rd2+ 39. Kf3 Rxc2 40. fxg5 hxg5 41. g4 Rc3+ 42. Kg2 Kf6 43. Rb5 Re3 44. b4 Kg6 45. Rb8 Rb3 46. b5 Kf6 47. Rb7 Rc3 48. Ra7 Kg6 49. Ra8 Rb3 50. Rb8 Kg7 51. Kh2 Kf6 52. Rb7 e5 53. Rb6+ Ke7 54. Kg2 e4 55. Ra6 Rb2+ 56. Kg3 Rxb5 57. Ra4 Rb3+ 58. Kg2 Re3 59. Kf2 Rf3+ 60. Ke2 Rxh3 61. Rxe4+ Kd6 62. Kf2 Rd3 63. Re8 Ra3 64. Kg2 f6 65. Kf2 Kd5 66. Kg2 Ra4 67. Kg3 Re4 68. Rd8+ Ke6 69. Kf3 Rf4+ 70. Kg3 Rc4 71. Re8+ Kd5 72. Rd8+ Ke4 73. Re8+ Kd3 74. Re6 Rf4 75. Ra6 Rf1 76. Rd6+ Ke4 77. Re6+ Kd5 78. Re8 Rc1 79. Re3 Rc4 80. Re8 Rc3+ 81. Kg2 Rc6 82. Kf3 Re6 83. Rd8+ Ke5 84. Ra8 Rc6 85. Re8+ Kd6 86. Kg3 Kd7 87. Re3 Re6 88. Rd3+ Ke7 89. Kf3 Kf7 90. Rb3 Kg6 91. Kg3 1/2-1/2

[Event "Sunny Beach op 10th"]
[Site "Sunny Beach"]
[Date "2011.09.04"]
[Round "9"]
[White "Fish, Gennadij"]
[Black "Popovic, Aleksandar M"]
[Result "1-0"]
[WhiteElo "2492"]
[BlackElo "2321"]
[PlyCount "47"]
[EventDate "2011.08.27"]
[EventType "swiss"]
[EventRounds "9"]
[EventCountry "BUL"]
[SourceTitle "CBM 144 Extra"]
[Source "ChessBase"]
[SourceDate "2011.10.28"]
[SourceVersion "1"]
[SourceVersionDate "2011.10.28"]
[SourceQuality "1"]

1. d4 Nf6 2. c4 g6 3. Nc3 Bg7 4. e4 0-0 5. Nf3 d6 6. Be2 c5 7. 0-0 Nc6 8. d5 Na5 9. h3 e5 10. Bg5 h6 11. Be3 Bd7 12. a3 Nh5 13. b4 cxb4 14. axb4 Nxc4 15. Bxc4 Rc8 16. Nd2 Nf4 17. Ne2 Nxg2 18. Kxg2 Qh4 19. Ng1 f5 20. f3 fxe4 21. fxe4 Rxc4 22. Rxf8+ Bxf8 23. Nxc4 Qxe4+ 24. Nf3 1-0

[Event "Sunny Beach op 10th"]
[Site "Sunny Beach"]
[Date "2011.09.03"]
[Round "8"]
[White "Orev, Petar"]
[Black "Fish, Gennadij"]
[Result "1/2-1/2"]
[WhiteElo "2241"]
[BlackElo "2492"]
[PlyCount "100"]
[EventDate "2011.08.27"]
[EventType "swiss"]
[EventRounds "9"]
[EventCountry "BUL"]
[SourceTitle "CBM 144 Extra"]
[Source "ChessBase"]
[SourceDate "2011.10.28"]
[SourceVersion "1"]
[SourceVersionDate "2011.10.28"]
[SourceQuality "1"]

1. e4 c5 2. c4 Nc6 3. Ne2 Nf6 4. Nbc3 g6 5. d4 cxd4 6. Nxd4 Nxd4 7. Qxd4 d6 8. Be2 Bg7 9. 0-0 0-0 10. Bg5 h6 11. Bd2 Bd7 12. Rac1 a6 13. a3 a5 14. Qe3 a4 15. Rfd1 Ng4 16. Bxg4 Bxg4 17. f3 Be6 18. Nd5 Bxd5 19. cxd5 Rc8 20. Bc3 Bxc3 21. Rxc3 Rxc3 22. Qxc3 Qc8 23. Rc1 Qxc3 24. Rxc3 Rb8 25. Rc7 Kf8 26. Rc4 b5 27. Rb4 Ke8 28. b3 axb3 29. a4 Kd7 30. axb5 Kc7 31. Rxb3 Kb6 32. Rc3 Rb7 33. Rc8 Kxb5 34. Rf8 f6 35. Rg8 g5 36. Rh8 Kc4 37. Rxh6 Kd4 38. Kf2 g4 39. Kg3 gxf3 40. gxf3 Ke3 41. Rh7 Rb1 42. h4 Rg1+ 43. Kh2 Kf2 44. h5 Rg2+ 45. Kh3 Rg3+ 46. Kh4 Kxf3 47. h6 Rg4+ 48. Kh5 Rg5+ 49. Kh4 Rg4+ 50. Kh5 Rg5+ 1/2-1/2

[Event "Sunny Beach op 10th"]
[Site "Sunny Beach"]
[Date "2011.08.31"]
[Round "5"]
[White "Fish, Gennadij"]
[Black "Motuz, Karol"]
[Result "1/2-1/2"]
[WhiteElo "2492"]
[BlackElo "2325"]
[PlyCount "30"]
[EventDate "2011.08.27"]
[EventType "swiss"]
[EventRounds "9"]
[EventCountry "BUL"]
[SourceTitle "CBM 144 Extra"]
[Source "ChessBase"]
[SourceDate "2011.10.28"]
[SourceVersion "1"]
[SourceVersionDate "2011.10.28"]
[SourceQuality "1"]

1. d4 d5 2. c4 c6 3. Nf3 Nf6 4. Nc3 e6 5. e3 Nbd7 6. Qc2 Bd6 7. Bd3 0-0 8. 0-0 dxc4 9. Bxc4 a6 10. a4 c5 11. Rd1 Qc7 12. b3 cxd4 13. exd4 b6 14. h3 Bb7 15. Qe2 Bb4 1/2-1/2

[Event "Sunny Beach op 10th"]
[Site "Sunny Beach"]
[Date "2011.08.30"]
[Round "4"]
[White "Yakimenko, Alexander A"]
[Black "Fish, Gennadij"]
[Result "0-1"]
[WhiteElo "2178"]
[BlackElo "2492"]
[PlyCount "76"]
[EventDate "2011.08.27"]
[EventType "swiss"]
[EventRounds "9"]
[EventCountry "BUL"]
[SourceTitle "CBM 144 Extra"]
[Source "ChessBase"]
[SourceDate "2011.10.28"]
[SourceVersion "1"]
[SourceVersionDate "2011.10.28"]
[SourceQuality "1"]

1. d4 Nf6 2. c4 e6 3. Nc3 Bb4 4. Qc2 0-0 5. a3 Bxc3+ 6. Qxc3 b6 7. Bg5 Bb7 8. Nf3 d6 9. e3 Nbd7 10. Bd3 Rc8 11. Qc2 h6 12. h4 c5 13. d5 exd5 14. 0-0-0 dxc4 15. Bh7+ Kh8 16. Rxd6 Qe7 17. Rxd7 Qxd7 18. Bxf6 gxf6 19. Bf5 Qe7 20. Bxc8 Rxc8 21. Qxc4 Rg8 22. Qf4 Rxg2 23. Qxh6+ Kg8 24. Qf4 Qe4 25. Qb8+ Kh7 26. Nd2 Qe7 27. Rf1 Ba6 28. Re1 Bd3 29. e4 c4 30. Qc8 Qe6 31. Qd8 Qe5 32. Qd7 Kg7 33. Qh3 Qh2 34. Qf5 Qxh4 35. Rd1 Qxf2 36. Qd5 Rg5 37. Qd7 Rg1 38. Qa4 Be2 0-1

[Event "Sunny Beach op 10th"]
[Site "Sunny Beach"]
[Date "2011.08.27"]
[Round "1"]
[White "Fish, Gennadij"]
[Black "Dimitrov, Dejan"]
[Result "1/2-1/2"]
[WhiteElo "2492"]
[BlackElo "2082"]
[PlyCount "61"]
[EventDate "2011.08.27"]
[EventType "swiss"]
[EventRounds "9"]
[EventCountry "BUL"]
[SourceTitle "CBM 144 Extra"]
[Source "ChessBase"]
[SourceDate "2011.10.28"]
[SourceVersion "1"]
[SourceVersionDate "2011.10.28"]
[SourceQuality "1"]

1. d4 Nf6 2. c4 d6 3. Nf3 g6 4. Nc3 Bf5 5. Nh4 Bd7 6. e4 e5 7. Nf3 Nc6 8. Be2 Bg7 9. dxe5 dxe5 10. h3 0-0 11. 0-0 Nh5 12. Bg5 Bf6 13. Be3 Qc8 14. Nd5 Bd8 15. b4 f6 16. c5 Ne7 17. Bc4 Kh8 18. Bh6 Ng7 19. Qd2 Ng8 20. Bxg7+ Kxg7 21. Rfd1 Be6 22. Ne3 Bxc4 23. Nxc4 Be7 24. Qc2 Qe6 25. Rd5 Rfd8 26. Rad1 c6 27. Rxd8 Rxd8 28. Rxd8 Bxd8 29. Nd6 b6 30. Qa4 Be7 31. Nd2 1/2-1/2

[Event "BL2-Nord 1011"]
[Site "Germany"]
[Date "2011.04.10"]
[Round "9.1"]
[White "Van Delft, Merijn"]
[Black "Fish, Gennadij"]
[Result "1-0"]
[WhiteElo "2384"]
[BlackElo "2502"]
[PlyCount "79"]
[EventDate "2010.10.10"]
[EventType "team-tourn"]
[EventRounds "9"]
[EventCountry "GER"]
[SourceTitle "EXT 2012"]
[Source "ChessBase"]
[SourceDate "2011.11.24"]
[SourceVersion "1"]
[SourceVersionDate "2011.11.24"]
[SourceQuality "1"]
[WhiteTeam "Hamburger SK II"]
[BlackTeam "Werder Bremen II"]
[WhiteTeamCountry "GER"]
[BlackTeamCountry "GER"]

1. e4 c5 2. Nf3 e6 3. d4 cxd4 4. Nxd4 a6 5. Bd3 Qc7 6. 0-0 Nf6 7. Qe2 d6 8. f4 Nbd7 9. Nc3 Be7 10. Bd2 0-0 11. Kh1 b5 12. b4 Bb7 13. a4 bxa4 14. Rxa4 Nb6 15. Raa1 d5 16. e5 Ne4 17. Nxe4 dxe4 18. Bxe4 Bxe4 19. Qxe4 Qc4 20. c3 Nd5 21. Rf3 g6 22. Qd3 Rfc8 23. Qxc4 Rxc4 24. Rd3 Rac8 25. Ne2 Re4 26. Re1 Rcc4 27. g3 g5 28. Kg2 gxf4 29. gxf4 Bh4 30. Rg1 f5 31. exf6 Bxf6 32. Kf3+ Kf7 33. Rb1 Bg7 34. Rb3 Bh6 35. Nd4 Nf6 36. Ra3 Bxf4 37. Bxf4 e5 38. Bxe5 Rxe5 39. Rxa6 Nd5 40. Rc6 1-0